History Quiz

Random History or Politics Quiz

UK Labour Party Leaders Quiz Stats

 Plays Quiz Updated Apr 4, 2020

     
Support Sporcle.
Go Orange.
Score 0/26 Timer 06:00
0 Plays Today
Year Party leader % Correct
1994-07Tony Blair
97.7%
2007-2010Gordon Brown
96.1%
2015 - 2020Jeremy Corbyn
92%
2020 - presentKeir Starmer
89.4%
1963George Brown
86.7%
1963-76Harold Wilson
75.7%
1992-94John Smith
72.4%
1983-92Neil Kinnock
71.3%
1976-80James Callaghan
70.1%
1935-55Clement Attlee
67.7%
1980-83Michael Foot
66%
2015Harriet Harman
63.3%
2010 - 2015Ed Miliband
59.2%
Year Party leader % Correct
1911-14Ramsay MacDonald
57.4%
1922-31Ramsay MacDonald
57.4%
2010Harriet Harman
45.5%
1994Margaret Beckett
39.8%
1906-08Keir Hardie
37.3%
1955-63Hugh Gaitskell
29.2%
1908-10Arthur Henderson
14.5%
1914-17Arthur Henderson
14.5%
1931-32Arthur Henderson
14.5%
1932-35George Lansbury
13%
1921-22John Robert Clynes
7.6%
1910-11George Nicoll Barnes
6.5%
1917-21William Adamson
6.1%

From the Vault

Song Titles Not in the Lyrics

by MrChewypoo

Music 7m
Thanks musicians, for inspiring generations of people to call your song the wrong thing.
Remove Ads.
Support Sporcle.
Get the best of Sporcle when you Go Orange. This ad-free experience offers more features, more stats, and more fun while also helping to support Sporcle. Thank you for becoming a member.

Show Comments

Extras

Top Quizzes Today


Score Distribution

Your Account Isn't Verified!

In order to create a playlist on Sporcle, you need to verify the email address you used during registration. Go to your Sporcle Settings to finish the process.

Report this User

Report this user for behavior that violates our Community Guidelines.

Details: